000 01295nam a2200349 a 4500
001 000114380
003 CHAP
005 20220329144438.0
008 180117s2017 mx sm |||||||spa d
010 _a110841
011 _a111813
040 _cCHAP
090 _aTesis
100 1 _aÁlvarez Hidalgo, Jenuifer
_9134382
245 1 0 _aSistematización de experiencias en huertos familiares en san Bartolomé, Loxicha, Oaxaca.
_h[En línea]
_cpor Jenuifer Álvarez Hidalgo.
260 _aChapingo, Méx. :
_bEl autor,
_c2017.
500 _aPara ver el contenido del material haga clic en la liga
502 _aTesis (Ing. en Agroecología) -- UACH. Departamento de Agroecología
590 _aBATCH
_b00
_c20181121
_lUCH01
_h0758
590 _aE6339RRR
_b05
_c20180117
_lUCH01
_h1159
590 _aE6339RRR
_b05
_c20180117
_lUCH01
_h1159
590 _aE6339RRR
_b05
_c20180117
_lUCH01
_h1201
650 1 4 _aDesarrollo rural
_zOaxaca.
_9129982
650 1 4 _aHorticultura sustentable.
_956385
650 1 4 _aHuertos familiares
_xAspectos socioeconómicos.
_9133581
650 1 4 _aHuertos familiares
_xCapacitación
_xMetodología.
_9131597
856 _a1
_n0000288
856 _aFinding aid
_uhttp://10.13.5.2/tesis/sist114380.pdf
_zTeclea aquí
901 _aBK
942 _cLIBRO
942 _n0
999 _c110841
_d110841